1727 1593 1850 1214 1971 1389 1493 1741 1400 1219 1655 1295 1343 1574 1260 1184 1302 1708 1510 1986 1172 1935 1729 1700 1245 1099 1760 1937 1886 1842 1568 1132 1803 1022 1763 1794 1383 1600 1403 1240 1219 1548 1735 1081 1994 1766 1949 1433 1738 1064 1464 1435 1586 1959 1335 1638 1539 1533 1670 1895 1538 1226 1558 1239 1115 1796 1161 1427 1266 1738 1585 1155 1560 1399 1304 1895 1955 1329 1779 1808 1872 1474 1836 1782 1286 1703 1894 1997 1548 1684 1690 1695 1699 1156 1592 1372 1569 1497 1747 BCNSPRNW ULIB Ver.6.0+V

เปลี่ยนเป็นภาษาไทย

Change to English
 แสดงรายละเอียดบรรณานุกรม
  กลับหน้าหลัก

Brief Record : Get Marc (ISO 2709) : E-mail record : QR code < ปิดหน้าต่าง
LEADER : 00000nam 2200000uu 4500
001    13399128802
003     ULIB
008    240920s2565||||th 000 0 tha d
020 ^- ^a9786164262867
060  0 ^aWS310^bภ474ก
245 00 ^aภาวะฉุกเฉินโรคทางเดินอาหารและโรคตับในเด็ก =^bGastrointestinal and liver diseases in pediatric emergency /^cบรรณาธิการโดย ; ธิติมา เงินมมาก, นงลักษณ์ อ้อยมั่งมูล และภัทรวรินทร์ วะทา.
246 31 ^aGastrointestinal and liver diseases in pediatric emergency
260 ^- ^aพิษณุโลก :^bสำนักพิมพ์มหาวิทยาลัยนเรศวร,^c2565.
300 ^- ^a317 หน้า :^bภาพประกอบ, ตาราง.
505 0^ aบทที่ 1 การกลืนกินสารกัดกร่อน -- บทที่ 2 การกลืนสิ่งแปลกปลอมและ Bezoars -- บทที่ 3 อาเจียรเฉียบพลัน -- บทที่ 4 ลำไส้อุดตันแต่กำเนิด -- บทที่ 5 ลำไส้หมุนบิดตัว -- บทที่ 6 โรคสำไส้โป่งพองแต่กำเนิด -- บทที่ 7 ปวดท้องเฉียบพลัน -- บทที่ 8 ไส้ติ่งอักเสบเฉียบพลัน -- บทที่ 9 ตับอ่นอักเสบเฉียบพลัน -- บทที่ 10 โรคหลอดเลือดขนาดเล็กอักเสบ -- บทที่ 11 ท้องร่วงเฉียบพลันในเด็ก -- บทที่ 12 เยื่อบุช่องท้องอักเสบ -- บทที่ 13 ภาวะเลืือดออกจากทางเดินอาหารส่วนล่างในเด็ก -- บทที่ 14 ภาวะเลืือดออกจากทางเดินอาหารส่วนบนในเด็ก -- บทที่ 15 ตับวายเฉียบพลัน -- บทที่ 16 ผนังหน้าท้องโหว่ -- บทที่ 17 ไส้เลื่อนขาหนีบและถุงน้ำอัณฑะ -- บทที่ 18 การวินิจฉัยทางรังสีวิทยาในภาวะฉุกเฉินของโรคทางเดินอาหารในเด็ก -- บทที่ 19 การวินิจฉัยทางรังสีวิทยาในภาวะฉุกเฉินของโรคตับและท่อน้ำดีในเด็ก
650 ^7 ^aเด็ก,^xโรค
650 ^7 ^aโรคตับ
650 ^7 ^aระบบกระเพาะอาหารและลำไส้,^xโรค
700 0^ aธิติมา เงินมาก,^eบรรณาธิการ
700 0^ aนงลักษณ์ อ้อยมั่งมูล,^eบรรณาธิการ
700 0^ aภัทรวรินทร์ วะทา,^eบรรณาธิการ
945    ^p520^l0^i30259
945    ^p520^l0^i30260
999    ^aกัณชพร จุลอักษร
รายการนี้ยังไม่มีแท็ก
คุณยังไม่ได้ล็อกอิน คุณสามารถมีกิจกรรมร่วมกับเว็บไซต์ได้ แต่ต้องล็อกอินก่อน ::
  ล็อกอิน

รายการสื่อสารสนเทศ

ลำดับที่ ประเภท เลขเรียก/บาร์โค้ด สถานที่ สถานะ
1. วิทยาศาสตร์การแพทย์ และสุขภาพ
วิทยาศาสตร์การแพทย์ และสุขภาพ
WS310 ภ474ก ฉ.1 
  Barcode: 30259
ห้องสมุดวิทยาเขตนครสวรรค์
►หนังสือทั่วไป:l:General Books
บนชั้น
2. วิทยาศาสตร์การแพทย์ และสุขภาพ
วิทยาศาสตร์การแพทย์ และสุขภาพ
WS310 ภ474ก ฉ.2 
  Barcode: 30260
ห้องสมุดวิทยาเขตนครสวรรค์
►หนังสือทั่วไป:l:General Books
บนชั้น

รายการใกล้เคียง
    หัวเรื่อง [เด็ก, โรค]
    หัวเรื่อง [โรคตับ]
    หัวเรื่อง [ระบบกระเพาะอาหารและลำไส้, โรค]

BibComment


ยังไม่เคยถูกคอมเมนท์

คอมเมนท์ทรัพยากรรายการนี้
  คอมเมนท์: ภาวะฉุกเฉินโรคทา..


 Copyright 2026. Bcnsprnw @Library